| 000 | 02210mam a22003734a 4500 | ||
|---|---|---|---|
| 001 | 2652276 | ||
| 003 | OSt | ||
| 005 | 20210928152225.0 | ||
| 008 | 000324s2001 mau bf 001 0 eng | ||
| 010 | _a 00036059 | ||
| 020 | _a9780073660554 | ||
| 035 | _a(OCoLC)ocm44972148 | ||
| 035 | _a(NNC)2652276 | ||
| 038 | _akhadija | ||
| 040 |
_aDLC _cDLC _dOrLoB-B |
||
| 042 | _apcc | ||
| 050 | 0 | 0 |
_aTA152 _b.H6 2001 |
| 082 | 0 | 0 |
_a620.0078 _221 _bHOL |
| 100 | 1 |
_aHolman, J. P. _q(Jack Philip) _982472 |
|
| 245 | 1 | 0 |
_aExperimental methods for engineers / _cJ.P. Holman. |
| 250 | _a7th ed. | ||
| 260 |
_aBoston : _bMcGraw-Hill, _c2001. |
||
| 300 |
_axviii, 698 p. : _bill. ; _c24 cm. |
||
| 490 | 1 | _aMcGraw-Hill series in mechanical engineering | |
| 504 | _aIncludes bibliographical references and index. | ||
| 505 | 0 | 0 |
_gCh. 1. _tIntroduction -- _gCh. 2. _tBasic Concepts -- _gCh. 3. _tAnalysis of Experimental Data -- _gCh. 4. _tBasic Electrical Measurements and Sensing Devices -- _gCh. 5. _tDisplacement and Area Measurements -- _gCh. 6. _tPressure Measurement -- _gCh. 7. _tFlow Measurement -- _gCh. 8. _tThe Measurement of Temperature -- _gCh. 9. _tThermal- and Transport-Property Measurements -- _gCh. 10. _tForce, Torque, and Strain Measurements -- _gCh. 11. _tMotion and Vibration Measurement -- _gCh. 12. _tThermal- and Nuclear-Radiation Measurements -- _gCh. 13. _tAir-Pollution Sampling and Measurement -- _gCh. 14. _tData Acquisition and Processing -- _gCh. 15. _tReport Writing and Presentations -- _gCh. 16. _tDesign of Experiments. |
| 520 | 1 | _a"Experimental Methods for Engineers offers the broadest range of experimental measurement techniques available for mechanical and general engineering applications. Offering clear descriptions of the general behavior of different measurement techniques, such as pressure, flow, and temperature, the text emphasizes the use of uncertainty analysis and statistical data analysis in estimating the accuracy of measurements."--BOOK JACKET. | |
| 563 | _ahardcover | ||
| 650 | 0 |
_aEngineering _vLaboratory manuals. _982837 |
|
| 650 | 0 |
_aEngineering instruments. _97429 |
|
| 830 | 0 |
_aMcGraw-Hill series in mechanical engineering. _93283 |
|
| 900 | _bTOC | ||
| 942 |
_2ddc _cBK |
||
| 999 |
_c34015 _d34015 |
||